[Event "Linares-03"]
[Site "Linares"]
[Date "1981.01.18"]
[Round "2"]
[White "Gligoric, Svetozar"]
[Black "Ljubojevic, Ljubomir"]
[Result "1-0"]
[WhiteElo "2530"]
[BlackElo "2605"]
[Annotator "Kharitonov,A"]
[PlyCount "77"]
[EventDate "1981.01.17"]
[EventType "tourn"]
[EventRounds "11"]
[EventCountry "ESP"]
[EventCategory "13"]
[SourceTitle "MCL"]
[Source "ChessBase"]
[SourceDate "1999.07.01"]
[SourceVersion "1"]
[SourceVersionDate "1999.07.01"]
[SourceQuality "1"]

1. d4 d5 2. c4 e6 3. Nf3 c6 4. e3 Nd7 5. Bd3 Ngf6 6. Nc3 (6. O-O $5) 6... dxc4
7. Bxc4 b5 8. Bd3 a6 9. e4 c5 10. d5 c4 11. dxe6 fxe6 (11... cxd3 $5 12. exd7+
Qxd7 13. O-O Bb7 14. Re1 Be7 15. e5 Nd5 16. Ne4 O-O 17. Qxd3 Qg4 18. h3 Qg6 $44
{Vaganian,R-Yusupov,A/URS(ch)/1980/0:1 (45)/}) 12. Bc2 Bb7 (12... Qc7 13. Ng5
$1 Qc6 14. O-O e5 (14... h6 15. Nf3 $16 {Gligoric/}) 15. Nd5 Bc5 16. Ne6 $1 $16
{Gligoric,S-Panno,O/Los Angeles/1963/1:0 (31)/}) 13. O-O Qc7 14. Ng5 $1 Qc6 (
14... Nc5 15. e5 $5 Qxe5 16. Re1 Qd6 17. Qxd6 Bxd6 18. Be3 O-O 19. Rad1 Be7 20.
Bxc5 Bxc5 21. Nxe6 Rfc8 22. h3 Bf8 23. g4 $1 $16 {Karpov,A-Kramnik,V/Linares/
1994/1:0 (40)/}) 15. Qf3 $1 Bc5 $5 (15... h6 $6 16. Qh3) 16. Qh3 Ke7 (16... Nf8
17. e5 $16) 17. Nf3 $5 (17. Be3 Bxe3 18. Qxe3 Qc5 $13) 17... b4 18. Ne2 $16
Nxe4 $1 19. Ned4 Qb6 (19... Qd5 $2 20. Bxe4 Qxe4 21. Re1 $18) 20. Bxe4 $1 Bxe4
21. Qg4 Bxd4 (21... Bg6 22. Nxe6 $1 Qxe6 23. Re1 $18) 22. Qxe4 Bf6 (22... e5 $2
23. Bg5+ {/\Rad1+-/}) 23. Qxc4 Rac8 24. Qg4 $36 Rhe8 25. Bg5 $1 Kf7 (25... Bxg5
26. Qxg5+ Kf8 27. Rad1 $16) 26. Rad1 Qb5 (26... Rc7 $2 27. Qh5+ $18) (26... Re7
27. Rd2 {/\Rfd1/}) 27. Rd2 h6 28. Be3 $1 (28. Bxf6 Nxf6 $14) 28... Red8 29. Nd4
Qd5 (29... Bxd4 30. Bxd4 Nf6 31. Bxf6 gxf6 (31... Kxf6 $2 32. Rxd8 Rxd8 33.
Qh4+ Qg5 34. Qxb4 $18) 32. Re2 $16) 30. b3 a5 31. Rfd1 Ne5 $6 (31... Nf8 $5 32.
Qe2 $16) 32. Qe2 Qb7 33. h3 (33. Nb5 Rxd2 34. Bxd2 Rd8) 33... Rd5 $2 (33... Qe7
$142 $14) 34. f4 Nc6 35. Nxe6 $1 $18 Rxd2 36. Qxd2 $1 (36. Bxd2 $5 Re8 37. f5
$16) 36... Ne7 $2 (36... Kxe6 37. Qd5+ Ke7 38. Bc5+ Ke8 39. Qg8#) (36... Kg8
$142 37. Qd7 $18) 37. Nd8+ Rxd8 38. Qxd8 Kg6 39. Qd3+ 1-0

[Event "RUS-ch 56th"]
[Site "Krasnoyarsk"]
[Date "2003.09.04"]
[Round "2"]
[White "Klimov, Sergey"]
[Black "Filippov, Valerij"]
[Result "1/2-1/2"]
[WhiteElo "2512"]
[BlackElo "2630"]
[Annotator "Klimov,S"]
[PlyCount "111"]
[EventDate "2003.09.03"]
[EventType "swiss"]
[EventRounds "9"]
[EventCountry "RUS"]
[SourceTitle "CBM 098"]
[Source "ChessBase"]
[SourceDate "2004.02.03"]
[SourceVersion "1"]
[SourceVersionDate "2004.02.03"]
[SourceQuality "1"]

1. d4 d5 2. c4 e6 3. Nc3 c6 4. e3 Nf6 5. Nf3 Nbd7 6. Bd3 dxc4 7. Bxc4 b5 8. Bd3
a6 9. e4 c5 10. d5 Qc7 11. O-O Bb7 12. dxe6 fxe6 13. Bc2 Bd6 14. Ng5 Nf8 15. f4
O-O-O 16. Qe2 h6 17. Nf3 Bxf4 18. e5 Bxf3 19. Rxf3 Bxe5 20. a4 b4 $146 (20...
Ng4 21. g3 Bd4+ 22. Kg2 Qe5 23. Be4 Bxc3 24. Rxc3 Rd4 25. Bf3 Qxe2+ 26. Bxe2
bxa4 27. h3 Nf6 28. Be3 $16 {Shabalov,A-Al Modiahki,M Bermuda 2003}) 21. Qxa6+
(21. Ne4 $5) 21... Kb8 (21... Qb7 22. Qe2 Bd4+ 23. Kh1 bxc3 24. bxc3 $16) 22.
Be3 (22. Rxf6 gxf6 23. Be4 Qa7 24. Qb5+ Kc8 25. Qc6+ Qc7 26. Qa6+ Kd7 27. Nb5
Bxh2+ 28. Kh1 Qe5) (22. Nb5 Qb7 23. Qa5 N8d7) (22. Ne4) 22... Bd4 (22... bxc3
23. bxc3 Bxc3 24. Bf4 Qxf4 25. Rxf4 Bxa1 26. Qb6+ $16 Kc8 27. Qxc5+) (22...
N8d7 23. Nb5 (23. Ne4 $5) (23. a5 $5) 23... Qb6 (23... Qb7 24. Qxe6 Rhe8) 24.
Qxb6+ Nxb6 25. Bxc5 Rc8 26. Bxb6 Rxc2 27. Re1 (27. Bd4 Bxd4+ 28. Nxd4 Rxb2 29.
Nxe6 Rc8) 27... Bxb2 28. Ba5 (28. Rb3) 28... Nd5 29. Bxb4 Nxb4 30. Rb3 $14) (
22... Rd6 23. Qb5+ Rb6 24. Qxc5) (22... Bxh2+ 23. Kh1 Rd6 24. Qb5+ Rb6 25. Qxc5
Qxc5 26. Bxc5 Rc6 27. Bxb4 $16) 23. Bxd4 cxd4 24. Rxf6 (24. Nb5 $142 Qc5 (24...
Qb7 25. Qa5 N8d7 26. Nxd4 e5 27. Rb3 Nd5 28. Be4) 25. Bd3 N8d7 (25... Rc8 26.
Rf2 N8d7 27. Rc2 Qb6 28. Qxb6+ Nxb6 29. Nxd4) (25... Nd5 26. Rf7 Qb6 27. Qxb6+
Nxb6 28. a5) 26. Nd6 Qb6 27. Qxb6+ Nxb6 28. Nf7 $16) 24... dxc3 (24... gxf6 25.
Be4 Qa7 26. Qb5+ Kc8 27. Qc6+ Qc7 (27... Kb8 28. Nb5) 28. Qa6+ Kd7 29. Nb5 Qc5
30. Qb7+ Ke8 31. Qg7 (31. Nc7+ Kf7) (31. Bc6+ Nd7)) 25. Rf2 cxb2 (25... Rd2 26.
Be4 Qa7 27. Qxa7+ Kxa7 28. bxc3 bxc3 29. Rxd2 cxd2 30. Rd1 Nd7 31. Rxd2 Nc5 $14
) 26. Rb1 Rd4 27. Bd1 (27. Rxb2 Qc5 28. Kh1 Nd7) (27. Qb5+ Ka7 28. Rxb2 Qb6 $1
29. Rf7+ Nd7) (27. Bb3 Nd7 28. Bxe6 Qc1+ 29. Rf1 Qc5) 27... Nd7 28. Rfxb2 (28.
Bf3 Qb6 (28... Qa7) 29. Qa8+ Kc7 30. a5 Qc5) 28... Qc5 29. Kh1 e5 30. Be2 (30.
Qb5+ Qxb5 31. axb5 Rc8 $17) (30. Rc2 Qb6) (30. Qg6 $142) (30. Qe2) 30... Nf6 (
30... Nb6) 31. Bb5 $6 (31. Qb5+ Qxb5 32. Bxb5 Nd5 33. Bc6 Nc3 34. Rxb4+ Kc7) (
31. Bf1 $5) 31... Rc8 $2 (31... Rhd8 $17) 32. Bf1 $6 (32. Rc2 Qxc2 33. Qb6+ $11
) 32... Nd5 33. Qg6 Qe7 (33... Nc3 $5 34. Rc1 Rd1 35. Rbb1 Rcd8 36. Rxd1 Nxd1
37. h3 Nc3 38. Rc1 e4 (38... b3 39. Qe6) 39. Qxg7 $2 Qg5) 34. Re1 Qf6 35. Qg3
$2 (35. Qb1 $142 $132) 35... Rc3 36. Qxe5+ Qxe5 37. Rxe5 Kc7 $2 (37... Rd1 38.
Kg1 Rcc1 39. Rf2 b3 $17 40. Ree2 (40. g3 Rxf1+ 41. Rxf1 b2 $19) 40... Kc7 41.
a5 Nc3 42. Rb2 Rb1 43. Rf7+ Kc6 44. Rxb1 Rxb1 45. a6 b2 46. a7 Ra1 (46... Ne2+
47. Kf2 Ra1)) 38. Kg1 Kd6 39. Re1 b3 40. a5 $6 (40. Reb1 Rb4 41. a5 Kc5 42. a6
Kb6 43. Be2 Ne3 44. Rd2 Nc4 (44... Nc2 45. Rd6+) 45. Rd4 $11) 40... Kc5 41. Ra1
$2 (41. a6 Ra4 42. Reb1 Ra3 (42... Kb4 43. Rd2) 43. a7 Kb4 44. Rd2 Nb6 45. Rd4+
Kc5 46. Rd3 Rxd3 47. Bxd3 Kb4 (47... Kd4 48. Bg6 Kc3 49. Rc1+) 48. Bc2 Kc3 49.
Bxb3 Rxb3 50. Rc1+ Kd4 51. Rc6 $11) 41... Kb4 42. a6 Rc2 43. a7 Nc7 44. a8=Q (
44. Rbb1 Na8) 44... Nxa8 45. Rxb3+ Kxb3 46. Rxa8 g5 $2 (46... Rd1 $17) (46...
Rc7 $17) 47. Ra6 $11 Rc1 48. Rxh6 Rf4 49. Rh3+ Kb4 50. Rf3 Rxf3 51. gxf3 Kc3
52. Kf2 Kd4 53. Bh3 Ke5 54. Bg4 Kf4 55. Kg2 Rc2+ 56. Kg1 1/2-1/2

[Event "Stara Zagora zt-B"]
[Site "Stara Zagora"]
[Date "1990.??.??"]
[Round "12"]
[White "Marin, Mihail"]
[Black "Knaak, Rainer"]
[Result "1-0"]
[WhiteElo "2485"]
[BlackElo "2500"]
[Annotator "Knaak,R"]
[PlyCount "117"]
[EventDate "1990.02.??"]
[EventType "tourn"]
[EventRounds "13"]
[EventCountry "BUL"]
[EventCategory "10"]
[SourceTitle "CBM 017"]
[Source "ChessBase"]
[SourceDate "1990.08.01"]
[SourceVersion "1"]
[SourceVersionDate "1990.08.01"]
[SourceQuality "1"]

1. Nf3 d5 2. c4 e6 3. d4 c6 4. e3 Nf6 5. Nc3 Nbd7 6. Bd3 dxc4 7. Bxc4 b5 8. Bd3
a6 9. e4 c5 10. d5 c4 11. dxe6 fxe6 12. Bc2 Qc7 13. O-O Bc5 14. Qe2 Ne5 15.
Nxe5 Qxe5 16. Be3 (16. Kh1 $1) 16... Bxe3 17. Qxe3 O-O 18. Rad1 $6 Ng4 19. Qg3
Qxg3 20. hxg3 Ra7 21. Rd2 g5 22. f3 Ne5 (22... Ne3 23. Rc1 Nxc2 24. Rcxc2 $16 {
Marin YB17}) 23. Kf2 (23. Rc1 $2 Rxf3 24. gxf3 Nxf3+ 25. Kf2 Nxd2 26. Ke2 b4
27. Na4 c3 $17 {Marin}) (23. Rfd1 Rc7 24. Rd8 Rxd8 25. Rxd8+ Kg7 26. f4 Nc6 27.
Rd6 b4 28. Na4 e5 $1) 23... Bd7 24. Rc1 b4 25. Nd1 Bb5 26. Ne3 Raf7 27. Bd1 $3
{Die Stärke des Zuges liegt in der Psychologie: Schwarz, im Besitz der
Initiative befindlich, gewinnt eine Qualität, aber die Initiative geht an Weiß
über.} (27. Kg1 $2 Rxf3) (27. Ke1 $2 Nxf3+ 28. gxf3 Rxf3 29. Nd1 c3) 27... Nd3+
$5 (27... Rc7 $15) 28. Rxd3 cxd3 29. Bb3 Re8 30. Rc5 {Schwarz kann nun
verschiedene Male anders spielen, aber von Vorteil kann keine Rede mehr sein.}
h6 (30... d2 31. Rxg5+ Kf8 32. Re5 Rd7 33. f4 {Marin}) 31. Ke1 Kg7 (31... d2+
$5) 32. Kd2 Kg6 $2 (32... Rb7 $5) 33. Re5 Rfe7 34. f4 Bd7 (34... Kg7 $1 {Marin}
) 35. Bc4 a5 $2 (35... Bc8 $13) 36. Rxa5 $16 gxf4 37. gxf4 e5 38. Ra6+ Kh5 39.
f5 Rg7 40. f6 Rh7 41. f7 Rf8 42. Ra5 Rhxf7 43. Rxe5+ Kh4 44. Bxf7 Rxf7 45. Nf5+
Bxf5 46. exf5 Kg3 47. Kxd3 Kxg2 (47... h5 $5) 48. Ke4 h5 49. f6 Rxf6 50. Rxh5
Rf2 51. Rg5+ Kh3 52. b3 Rxa2 53. Kd3 Kh4 54. Rb5 Kg4 55. Kc4 Kf4 56. Kxb4 Ke4
57. Rh5 Ra8 58. Kc4 Rc8+ 59. Rc5 1-0

[Event "EU-Cup 22nd"]
[Site "Fuegen"]
[Date "2006.10.12"]
[Round "5.6"]
[White "Korotylev, Alexey"]
[Black "Dreev, Alexey"]
[Result "1/2-1/2"]
[WhiteElo "2613"]
[BlackElo "2655"]
[Annotator "Krasenkow,M"]
[PlyCount "52"]
[EventDate "2006.10.08"]
[EventType "team-swiss"]
[EventRounds "7"]
[EventCountry "AUT"]
[SourceTitle "CBM 115"]
[Source "ChessBase"]
[SourceDate "2006.11.15"]
[SourceVersion "1"]
[SourceVersionDate "2006.11.15"]
[SourceQuality "1"]
[WhiteTeam "Cheboksary"]
[BlackTeam "Ural Sverdlovskaya"]
[WhiteTeamCountry "RUS"]
[BlackTeamCountry "RUS"]

1. d4 d5 2. c4 c6 3. Nc3 Nf6 4. Nf3 e6 5. e3 Nbd7 6. Bd3 dxc4 7. Bxc4 b5 8. Bd3
Bb7 9. O-O a6 10. e4 c5 11. d5 Qc7 12. dxe6 fxe6 13. Bc2 c4 14. Nd4 Nc5 15. Be3
e5 16. Nf3 Be7 17. Ng5 O-O $1 {Kasparov's famous exchange sacrifice - see CBM
106.} 18. Bxc5 Bxc5 19. Ne6 Qb6 20. Nxf8 Rxf8 21. Qe2 (21. Nd5 $6 {Lutz:
'Unter dem Eindruck der gegnerischen Neurung spielt Kasimdzhanov zu gradlinig.
Weiß will die Lage klären, aber Schwarz erhält unmittelbar einen Bauern und
einen "Läufervorposten".'} Bxd5 22. exd5 Bxf2+ 23. Kh1 e4 {Lutz: 'Damit
verankert Schwarz den Läufer auf f2. Das Problem für Weiß ist nun, dass seine
Türme nicht mehr ins Spiel kommen. Der weiße Läufer steht auf c2 schlecht, er
würde auf e2 wesentlich besser stehen (Blockade des e-Bauern und Kontrolle
über g4).'} 24. Qe2 $2 {Lutz: 'Gemäß Kasparov ein glatter Zeitverlust.'} (24.
d6 $13 {Lutz: 'war vermutlich das stärkste, um sofort Aktivität zu suchen und
insbesondere den Bc2 ins Spiel zu bringen.'}) (24. a4 $13 {Lutz: 'kam in
Betracht, um die a-Linie zu öffnen, z.B.'}) 24... e3 25. Rfd1 $2 {Lutz:
'Danach steht Weiß gemäß Kasparov schon auf Verlust. Insbesondere hat Weiß nun
nicht mehr die Möglichkeit, auf f2 die Qualität zurückzuopfern.'} Qd6 $19 {
0-1 Kasimdzhanov,R-Kasparov,G/Linares 2005/CBM 106[Lutz](36) Lutz: 'Die
schwarzen Figuren nähern sich an den weißen König an, während die weißen
Figuren eingesperrt sind.'}) (21. a4) (21. Kh1) 21... Qe6 22. h3 (22. Rae1 Bd4
23. Bb1 Bc6 24. a3 Bd7 25. h3 g6 26. Qd2 Bc6 27. Ne2 Bc5 28. Ng3 Nd7 29. Kh2
Qf6 $44 30. Re3 Bxe3 31. Qxe3 Qd6 $15 {0-1 Wirig,A-Huebner,R/Cannes 2005/CBM
105 ext (51)}) (22. Kh1 Ng4 (22... Bd4) 23. Nd1 Bd4 24. h3 Nf6 25. Rc1 g6 26.
b3 Nh5 $13 {Kasparov,G}) 22... Bd4 {Indicated by Kasparov in his notes to
Kasimdzhanov-Kasparov.} 23. Rab1 Qf7 (23... b4 $5) 24. Kh2 $6 (24. Qf3) 24...
Nh5 $6 (24... b4 $5 {was possible. Black recaptures a pawn maintaining strong
initiative:} 25. Nd5 (25. Nd1 Nxe4) 25... Nxd5 26. exd5 Bxd5 27. f3 a5 $44 {
Aparently, GM Dreev didn't want to simplify the game and let the white bishop
out.}) 25. Nd5 g6 26. Ne3 Nf4 $44 {The position is full of life. It's a pity
that the players didn't wish to continue the game.} 1/2-1/2

[Event "Pamplona-A 16th"]
[Site "Pamplona"]
[Date "2006.12.29"]
[Round "7"]
[White "Morozevich, Alexander"]
[Black "Korneev, Oleg"]
[Result "1-0"]
[WhiteElo "2747"]
[BlackElo "2657"]
[Annotator "Krasenkow,M"]
[PlyCount "71"]
[EventDate "2006.12.22"]
[EventType "tourn"]
[EventRounds "7"]
[EventCountry "ESP"]
[EventCategory "17"]
[SourceTitle "CBM 116"]
[Source "ChessBase"]
[SourceDate "2007.02.01"]
[SourceVersion "1"]
[SourceVersionDate "2007.02.01"]
[SourceQuality "1"]

1. d4 d5 2. c4 c6 3. Nc3 Nf6 4. e3 e6 5. Nf3 Nbd7 6. Bd3 dxc4 7. Bxc4 b5 8. Bd3
a6 9. e4 c5 10. d5 Qc7 11. O-O Bb7 12. Bc2 O-O-O 13. Ng5 $5 $146 {[%mdl 8] A
novelty in a well-known position.} (13. dxe6 Ne5 {etc. is normally played.})
13... Ne5 (13... Nb6 {must be tested.}) 14. f4 Nc4 15. b3 Nb6 16. f5 $5 h6 $6 (
{It is not clear what White was going to do after} 16... exd5 {, e.g.} 17. Bf4
Qd7 18. e5 d4 $1 19. Nce4 (19. e6 fxe6 20. fxe6 Qc6 21. Nce4 d3 $1) 19... d3 $5
{V.Lebedev} (19... Nxe4 20. e6 $1 fxe6 21. fxe6 Qe8 22. Bxe4 Bxe4 23. Nxe4 Qxe6
24. Ng5 $44) 20. Qxd3 Qxd3 21. Bxd3 Rxd3 22. exf6 gxf6 23. Nxf6 Be7 {and Black
is not worse.}) 17. Nxf7 $1 {A classic piece sacrifice to get a strong pawn
wedge.} Qxf7 18. fxe6 Qc7 19. Bf4 Bd6 20. Bxd6 Qxd6 21. Rf5 Qc7 22. a4 b4 23.
a5 $5 bxc3 24. axb6 Qxb6 25. Kh1 Rhe8 26. Qf1 Kb8 27. Rd1 Ka7 28. h3 Qb4 29.
Ra1 Nxe4 {After a series of manoeuvres Black loses patience.} (29... Qd4 $5 30.
Ra4 Qe3 31. Rf3 Qd2 32. Rf2 Qg5 $1 (32... Nh5 33. Rxd2 Ng3+ 34. Kg1 Nxf1 35.
Rd3 Nd2 36. Rxc3 $14 {V.Lebedev}) 33. Rf5 Qg3 34. Rf3 Qe5 $11) 30. Bxe4 Qxe4
31. Rf7 Qxd5 $4 {[%mdl 8192] A decisive blunder. Meanwhile, after} (31... Rxe6
32. dxe6 Qxe6 33. Qf3 Qxb3 (33... Qd5 $143 34. Qxd5 Rxd5 35. Rc1 Rd3 36. Rxg7
$14) 34. Rxg7 Rg8 $1 35. Rf7 Rg6 {Black should not lose.}) 32. Rxa6+ Kb8 33.
Qf4+ Rd6 34. Rxb7+ $1 Kxb7 35. Rxd6 Qxb3 36. Qf7+ 1-0

[Event "Linares 27th"]
[Site "Linares"]
[Date "2010.02.18"]
[Round "5"]
[White "Aronian, Levon"]
[Black "Gelfand, Boris"]
[Result "1/2-1/2"]
[WhiteElo "2781"]
[BlackElo "2761"]
[Annotator "Krasenkow,M"]
[PlyCount "92"]
[EventDate "2010.02.13"]
[EventType "tourn"]
[EventRounds "10"]
[EventCountry "ESP"]
[EventCategory "21"]
[SourceTitle "CBM 135"]
[Source "ChessBase"]
[SourceDate "2010.03.17"]
[SourceVersion "1"]
[SourceVersionDate "2010.03.17"]
[SourceQuality "1"]

1. d4 d5 2. c4 c6 3. Nc3 Nf6 4. e3 e6 5. Nf3 Nbd7 6. Bd3 dxc4 7. Bxc4 b5 8. Bd3
a6 9. a4 Bb7 10. b3 $5 $146 {This new move is hardly dangerous for Black.} (10.
O-O {and}) (10. Qe2 {are usually played.}) 10... bxa4 11. Nxa4 c5 12. dxc5 Nxc5
13. Nxc5 Bxc5 {The only thing White can hope for is, that Black's a6-pawn is
slightly weaker than White's b3-pawn, but it is not enough to claim any
advantage.} 14. O-O O-O 15. Bb2 Bxf3 $5 {A risky concept. White's double pawns
are not weak and don't compensate his bishop pair.} (15... a5 $11) {
Fortunately, the position is so drawish that it is not so easy to spoil it.}
16. gxf3 a5 17. f4 Be7 18. Bc4 Ne4 19. Qc2 Bf6 20. Rfd1 Qc7 21. Qxe4 Bxb2 22.
Ra2 Bf6 23. f5 $1 exf5 24. Qxf5 $14 {[%csl Gc4][%cal Gc4f7]} Rfd8 25. Rd5 $1 {
White now wins the a5-pawn, but this material advantage can hardly be
converted.} Qb6 26. Rb5 Qd6 27. Rbxa5 Rxa5 28. Rxa5 g6 29. Qf3 Kg7 30. Kg2 Qc7
31. Rd5 {It would be much more favorable for White to exchange queens rather
than rooks, but that is rather impossible to achieve.} Rxd5 32. Qxd5 Bc3 33.
Kf1 f5 34. Kg2 Qe7 35. Kf1 Qc7 36. h3 Qh2 37. Qf3 Bf6 38. b4 Qc7 39. Qd5 Qe5
40. Qf7+ Kh6 41. b5 Qd6 42. Qb7 f4 43. Qf3 fxe3 44. fxe3 Bd8 45. Ke2 Bb6 46. h4
Qe5 1/2-1/2

[Event "POL-chT 52nd"]
[Site "Augustow"]
[Date "1996.11.28"]
[Round "2"]
[White "Krasenkow, Michal"]
[Black "Ivanov, Sergey"]
[Result "1/2-1/2"]
[WhiteElo "2610"]
[BlackElo "2545"]
[Annotator "Krasenkow,M"]
[PlyCount "81"]
[EventDate "1996.11.27"]
[EventType "team-tourn"]
[EventRounds "11"]
[EventCountry "POL"]
[SourceTitle "CBM 057"]
[Source "ChessBase"]
[SourceDate "1997.04.01"]
[SourceVersion "1"]
[SourceVersionDate "1997.04.01"]
[SourceQuality "1"]
[WhiteTeam "Gorzow Welkopolski"]
[BlackTeam "Bielsko-Biala Wlokniarz"]
[WhiteTeamCountry "POL"]
[BlackTeamCountry "POL"]

1. d4 d5 2. c4 c6 3. Nc3 Nf6 4. e3 e6 5. Nf3 Nbd7 6. Bd3 dxc4 7. Bxc4 b5 8. Bd3
a6 9. e4 c5 10. d5 Qc7 11. O-O Bb7 12. b3 Be7 13. a4 $146 (13. Bg5) 13... c4 (
13... b4 14. dxe6 fxe6 15. Ne2 $36) 14. bxc4 bxc4 (14... b4 $6 15. Ne2 a5 (
15... e5 16. a5 $1) 16. Ned4 e5 17. Nf5 $16) 15. Bc2 O-O 16. Nd4 Rfe8 $5 (16...
exd5 17. Nf5 Bd6 18. Nxd6 Qxd6 19. Ba3 Nc5 20. exd5 Rfd8 21. Qd4 $14) (16...
Nc5 17. dxe6 fxe6 (17... Nxe6 18. Nf5) 18. Qe2 {xc4}) 17. dxe6 fxe6 18. Nxe6
Qe5 19. Rb1 (19. Nd4 Rad8 $1 (19... Bd6 20. Nf3 $1 Qxc3 21. Bd2 Bxh2+ 22. Kxh2
(22. Kh1 Qb2 23. Rb1 Qa2 24. Rxb7 Nc5 $13) 22... Ng4+ 23. Kg3 Qf6 24. Kxg4 Bxe4
25. Bxe4 Rxe4+ 26. Kh3 $18) (19... Bc5 20. Nf3 $1 Qh5 (20... Qxc3 21. Bd2 Qb2
22. Rb1) 21. Rb1 Bc6 22. Qe2 Ne5 23. Bf4 (23. Nxe5 Qxe2 24. Nxe2 Rxe5) 23...
Nd3 24. Bxd3 cxd3 25. Qxd3 Nxe4 26. Qc4+ Kh8 27. Rbc1 $16) 20. Nf3 (20. f3 $2
Nc5 21. Be3 Ne6 22. f4 (22. Nce2 Nxd4 23. Nxd4 Bc5) 22... Qc5 23. Qb1 Nxd4 24.
Qxb7 Ng4 $19) (20. Rb1 Nc5) (20. Re1 Nc5) 20... Qxc3 21. Bd2 Qb2 22. Rb1 Qa2 (
22... Qa3 23. Rxb7 Nc5 24. Rc7 $13) 23. Rxb7 (23. Ra1 Qb2 24. Rb1 $10 Qa3 $5)
23... Nc5 24. Bb1 Qa3 25. Rc7 Bd6 26. Rc6 Nfxe4 $13) 19... Rab8 (19... Qxe6 20.
Rxb7 Nc5 21. Rc7 (21. Rb1 Nfxe4 22. Nxe4 Nxe4 23. Re1 (23. Qe2 Bc5 $13) 23...
Nxf2 24. Bxh7+ (24. Rxe6 Nxd1) (24. Qd2 Nh3+ (24... Bc5 25. Rxe6 Rxe6 $5 $44)
25. Kh1 c3 26. Qxc3 Nf2+ 27. Kg1 Nh3+ $1 $10) 24... Kh8 25. Rxe6 Nxd1 26. Bf5
Nc3 27. Rb7 Bc5+ 28. Kf1 Nxa4 $13) 21... Bd6 22. Nd5 Rad8 (22... Nxd5 23. exd5
Bxh2+ $2 24. Kh1 $18) (22... Red8 23. Qf3) 23. Ra7 (23. Qf3 Nfxe4 $36) 23...
Ncxe4 24. Nxf6+ Nxf6 25. Qf3 Qe5 $13) 20. Nd4 Bc5 21. Nde2 (21. Nf3 $5 Qxc3 22.
Bd2 Qa3 23. Bf4 Ba8 (23... Bxe4 $2 24. Bxe4 Nxe4 25. Qd5+ Kh8 26. Bxb8 Nxb8 27.
Rbe1 Qd3 28. Qxc5 $18) 24. Bxb8 Nxb8 $13) (21. Be3 Nxe4 (21... Bxe4 $2 22. Nxe4
Nxe4 23. Rxb8 Nxb8 24. Nf3 Qe7 (24... Qe6 25. Bxe4 $18) 25. Bxc5 Nxc5 (25...
Qxc5 26. Bxe4 Rxe4 27. Qd8+ $18) 26. Re1 Ne6 27. Bf5 $18) 22. Bxe4 (22. Rxb7
Nxc3) 22... Bxe4 23. Rxb8 Rxb8 $13) 21... Bxe4 22. Rxb8 (22. Bxe4 Nxe4 23. Qxd7
Rxb1 24. Nxb1 Nxf2 25. Ng3 Rf8 $1 26. Nd2 $1 Nd3+ 27. Kh1 Rxf1+ 28. Ngxf1 $10)
(22. Nxe4 Nxe4 23. Qxd7 Nxf2 24. Ng3 (24. Bf4 Nd3+ 25. Kh1 Rxb1 26. Bxb1 Qxe2
$19) 24... Rxb1 25. Bxb1 Ne4+ (25... Rf8 26. Bf5) 26. Kh1 Nf2+ 27. Rxf2 Bxf2
28. Ne4 Rf8 $13) 22... Nxb8 23. Nxe4 Nxe4 24. Bf4 Qe6 25. Ng3 Nxf2 $5 (25...
Nxg3 26. Bxg3 g6 27. Qd2 Nc6 $13) 26. Bxh7+ (26. Rxf2 Qe1+ 27. Qxe1 Rxe1+ 28.
Nf1 Nc6 $5 $17 (28... Re2 29. Be3 Bxe3 (29... Rxe3 30. Nxe3 Bxe3 31. Kf1 Bxf2
32. Kxf2 Nc6 33. Ke3 Nb4 34. Kd2 Nxc2 35. Kxc2 Kf7 36. Kc3 Ke6 37. Kxc4 Kd6 $10
) 30. Nxe3 Rxe3 31. Rf4 Rc3 32. Rxc4 $1 Rxc4 33. Bb3 Kf7 34. Bxc4+ Kf6 $10))
26... Kxh7 (26... Kh8 27. Qh5) 27. Qh5+ Kg8 28. Qxc5 Nd3 29. Qg5 Nd7 (29...
Qb6+ $6 30. Kh1 Nf2+ $2 31. Rxf2 Qxf2 32. Qd5+ Kf8 33. Bd6+ $18) 30. h3 c3 31.
Nf5 Qf6 32. Ne7+ $1 $10 Rxe7 33. Qd5+ Rf7 34. Qxd3 Nc5 35. Qc4 Nxa4 $5 (35...
Ne6 36. Be3 Qe5 37. Rxf7 Kxf7 38. Kf2 $10) 36. Qxa4 g5 37. Rf3 gxf4 38. Qb3 Kg7
39. Rxc3 (39. Qxc3 Qxc3 40. Rxc3 a5 41. Ra3 Rf5 $10) 39... Qd4+ 40. Kh2 Qe5 $1
41. Rf3 1/2-1/2